Dictator from (almost) every country - Statistics

General Stats
  • This quiz has been taken 818 times
    162 since last reset
  • The average score is 57 of 111
Answer Stats
Dictator Country % Correct
Fidel Castro Cuba
97%
Adolf Hitler Germany
95%
Benito Mussolini Italy
93%
Kim Il Sung North Korea
93%
Joseph Stalin Russia
93%
Napoleon Bonaparte France
91%
Mao Zedong China
90%
Saddam Hussein Iraq
90%
Francisco Franco Spain
89%
Ho Chi Minh Vietnam
89%
Leopold II Belgium
88%
Pol Pot Cambodia
88%
Bashar al-Assad Syria
88%
Augusto Pinochet Chile
87%
Hideki Tojo Japan
87%
Muammar Gaddafi Libya
86%
Aleksandr Lukashenko Belarus
85%
Oliver Cromwell United Kingdom
84%
Georgios Papadopoulos Greece
83%
Park Chung-Hee South Korea
82%
Nicolas Maduro Venezuela
82%
Wojciech Jaruzelski Poland
81%
Slobodan Milosevic Serbia
81%
Nicolae Ceausescu Romania
80%
Ruhollah Khomeini Iran
77%
Idi Amin Uganda
77%
Francois Duvalier Haiti
76%
Enver Hoxha Albania
73%
Robert Mugabe Zimbabwe
72%
Suharto Indonesia
69%
Manuel Antonio Noriega Panama
69%
Rafael Trujillo Dominican Republic
66%
Ferdinand Marcos Philippines
65%
Antonio de Oliveira Salazar Portugal
64%
Mobutu Sese Soko Democratic Republic of the Congo
62%
Alberto Fujimori Peru
62%
Anwar Sadat Egypt
60%
Nursultan Nazarbayev Kazakhstan
60%
Vidkun Quisling Norway
60%
Lee Kuan Yew Singapore
57%
Plaek Phibunsongkram Thailand
56%
Todor Zhivkov Bulgaria
55%
Ante Pavelic Croatia
55%
Porfirio Diaz Mexico
55%
Charles Taylor Liberia
53%
Saparmurat Niyazov Turkmenistan
53%
Jorge Rafael Videla Argentina
51%
Than Shwe Myanmar
51%
Paul Kagame Rwanda
51%
Choummaly Sayasone Laos
50%
Omar al-Bashir Sudan
49%
Kurt Schuschnigg Austria
48%
Alfredo Stroessner Paraguay
47%
Hassanal Bolkiah Brunei
46%
Abdelaziz Bouteflika Algeria
45%
Ferenc Szalasi Hungary
45%
Pervez Musharraf Pakistan
45%
Islam Karimov Uzbekistan
45%
Jean-Bedel Bokassa Central African Republic
44%
Zine El Abidine Ben Ali Tunisia
43%
Thomas Sankara Burkina Faso
42%
Isaias Afwerki Eritrea
42%
Mengistu Haile Mariam Ethiopia
42%
Hendrik Verwoerd South Africa
42%
Anastasio Somoza Garcia Nicaragua
41%
Ali Abdullah Saleh Yemen
41%
Mohamed Siad Barre Somalia
40%
Emomali Rahmon Tajikistan
40%
Teodoro Obiang Nguema Mbasogo Equatorial Guinea
38%
Jose Efrain Rios Montt Guatemala
38%
Askar Akayev Kyrgyzstan
38%
Moussa Traore Mali
38%
Jose Eduardo dos Santos Angola
36%
Paul Biya Cameroon
36%
Omar Bongo Gabon
36%
Khorloogiin Choibalsan Mongolia
36%
Kwame Nkrumah Ghana
35%
Pushpa Kamal Dahal Nepal
35%
Kenan Evren Turkey
34%
Antanas Smetona Lithuania
33%
Mohamed Ould Abdel Aziz Mauritania
33%
Desi Bouterse Suriname
32%
Nur Muhammad Taraki Afghanistan
31%
Ismail Omar Guelleh Djibouti
31%
Tiburcio Carias Andino Honduras
31%
Gustavo Rojas Pinilla Colombia
30%
Fidel Sanchez Hernandez El Salvador
29%
France-Albert Rene Seychelles
29%
Aparicio Mendez Uruguay
29%
Ernesto Geisel Brazil
28%
Hissene Habre Chad
28%
Federico Tinoco Granados Costa Rica
28%
Guillermo Rodriguez Lara Ecuador
27%
Joao Bernardo Vieira Guinea-Bissau
26%
Daniel Arap Moi Kenya
26%
Seyni Kountche Niger
26%
Macky Sall Senegal
26%
Yahya Jammeh The Gambia
26%
Gnassingbe Eyadema Togo
26%
Mathieu Kerekou Benin
24%
Sani Abacha Nigeria
24%
Hastings Banda Malawi
23%
Alphonse Massamba-Debat Republic of the Congo
22%
Jean-Baptiste Bagaza Burundi
21%
Ntsu Mokhehle Lesotho
21%
Maumoon Abdul Gayoom Maldives
21%
Samora Machel Mozambique
21%
Joseph Saidu Momoh Sierra Leone
21%
Lansana Conte Guinea
20%
Koudou Gbagbo Laurent Ivory Coast
18%
Hussain Muhammad Ershad Bangladesh
17%
No matching quizzes found
Score Distribution
Percent of People with Each Score
Percentile by Number Answered
Your Score History
You have not taken this quiz since the last reset